| 000 | 01032nam a22002535a 4500 | ||
|---|---|---|---|
| 003 | OSt | ||
| 005 | 20170404103353.0 | ||
| 008 | 170404s2010 ua frb 000 0 ara d | ||
| 015 | _a2010 / 8584 | ||
| 020 | _a9789770464798 | ||
| 040 |
_aEG-ScBUE _bara _cEG-ScBUE |
||
| 043 | _af-ua--- | ||
| 082 | 0 | 4 |
_a344.6204632 _bم ر ا _222 |
| 100 | 1 | _aمراكبي، السيد. | |
| 245 | 1 | 2 |
_aالحماية القانونية للبيئة من التلوث : _bفي قانون البيئة رقم 4 لسنة 1994، والمعدل بالقانون رقم 9 لسنة 2009 / _cتأليف السيد المراكبي. |
| 260 |
_aالقاهرة : _bدار النهضة العربية، _c2010. |
||
| 300 |
_a337 ص. ؛ _c24 سم. |
||
| 504 | _aيشتمل على إرجاعات ببليوجرافية. | ||
| 650 | 7 |
_aحماية البيئة _xقوانين وتشريعات _zمصر. _2BUEsh |
|
| 650 | 7 |
_aتلوث البيئة _xقوانين وتشريعات _zمصر. _2BUEsh |
|
| 651 | _2BUEsh | ||
| 653 |
_bLLAAWW _cApril2017 |
||
| 942 | _2ddc | ||
| 999 |
_c24598 _d24570 |
||